Seeing writing /

Bibliographic Details
Main Author: Meyers, Lewis
Format: Book
Language:English
Published: New York : Harcourt Brace Jovanovich, [1980]
Subjects:

MARC

Tag First Indicator Second Indicator Subfields
LEADER 00000cam a2200000 a 4500
001 in00000089802
005 20151008063516.0
008 800312s1980 nyua 00110 engm
010 |a  79003294  
020 |a 0155794205 
035 |a (OCoLC)06144480 
035 |9 AAK2380AM 
040 |a DLC  |c DLC  |d OCL  |d TXA  |d UtOrBLW 
049 |a TXAM  |c [1361418] 
050 1 0 |a PE1408  |b .M524 
082 0 |a 808/.042 
100 1 |a Meyers, Lewis. 
245 1 0 |a Seeing writing /  |c Lewis Meyers. 
264 1 |a New York :  |b Harcourt Brace Jovanovich,  |c [1980] 
264 4 |c ©1980 
300 |a xiv, 225 pages :  |b illustrations ;  |c 24 cm. 
336 |a text  |b txt  |2 rdacontent 
337 |a unmediated  |b n  |2 rdamedia 
338 |a volume  |b nc  |2 rdacarrier 
500 |a Includes index. 
650 0 |a English language  |x Rhetoric. 
650 0 |a English language  |x Grammar. 
999 |a MARS 
999 f f |s c89f3217-a81c-34f3-b6cd-bc18a8884d39  |i 16bb4ee5-f93c-36af-99e1-c53a6499229f  |t 0 
952 f f |p ric  |a Texas A&M University  |b Rellis Campus  |c Joint Library Facility  |s JLF  |d Remote Storage  |t 0  |e PE1408 .M524  |h Library of Congress classification  |i unmediated -- volume  |m A14806174854 
998 f f |a PE1408 .M524  |t 0  |l Remote Storage